[Event "Vall del Tenes op 5th"]
[Site "Vall del Tenes"]
[Date "2016.04.15"]
[Round "2"]
[White "Casassas Brosa, Ramon"]
[Black "Rodriguez Saez, Joan Pere"]
[Result "1-0"]
[WhiteElo "1648"]
[BlackElo "1708"]
[PlyCount "47"]
[EventDate "2016.04.08"]
[EventType "swiss"]
[EventRounds "8"]
[EventCountry "ESP"]
[SourceTitle "CBM 172 Extra"]
[Source "ChessBase"]
[SourceDate "2016.06.21"]
[SourceVersion "1"]
[SourceVersionDate "2016.06.21"]
[SourceQuality "1"]

1. e4 d5 2. exd5 Qxd5 3. Nc3 Qa5 4. d4 Nf6 5. Bd2 c6 6. Nf3 Bg4 7. Bd3 Qc7 8. Qe2 e6 9. Ne4 Nbd7 10. h3 Nxe4 11. Bxe4 Bh5 12. g4 Bg6 13. Bxg6 hxg6 14. Ng5 Be7 15. 0-0-0 0-0-0 16. Nxf7 Rhf8 17. Nxd8 Rxd8 18. Qxe6 Bf6 19. Be3 Qb6 20. g5 Bxd4 21. Rxd4 Qa5 22. a3 a6 23. Rhd1 Qc7 24. Bf4 1-0

[Event "Vall del Tenes op 4th"]
[Site "Santa Eulalia de Roncana"]
[Date "2015.06.05"]
[Round "8"]
[White "Rodriguez Saez, Joan Pere"]
[Black "Salinas Perez, Gonzalo"]
[Result "0-1"]
[WhiteElo "1736"]
[BlackElo "1731"]
[PlyCount "56"]
[EventDate "2015.04.10"]
[EventType "swiss"]
[EventRounds "8"]
[EventCountry "ESP"]
[SourceTitle "EXT 2016"]
[Source "ChessBase"]
[SourceDate "2015.10.08"]
[SourceVersion "1"]
[SourceVersionDate "2015.10.08"]
[SourceQuality "1"]

1. e4 d5 2. exd5 Qxd5 3. Nc3 Qa5 4. Nf3 Nf6 5. d4 c6 6. Bd2 Bf5 7. Bc4 Nbd7 8. 0-0 Qc7 9. Ne2 e6 10. Ng3 Bg6 11. c3 Bd6 12. Ne2 Ne4 13. Bd3 Nxf2 14. Rxf2 Bxd3 15. h3 Nf6 16. Be3 Bf5 17. Nd2 Nd5 18. Nc4 Bh2+ 19. Kh1 b5 20. g3 bxc4 21. Bf4 Nxf4 22. Rxf4 Bxg3 23. Rf1 0-0 24. Qd2 Bd6 25. Qe3 Rfe8 26. Rg1 g6 27. Raf1 Rab8 28. Rb1 Bxb1 0-1

[Event "Vall del Tenes op 4th"]
[Site "Santa Eulalia de Roncana"]
[Date "2015.05.08"]
[Round "4"]
[White "Plantada Martorell, Josep"]
[Black "Rodriguez Saez, Joan Pere"]
[Result "0-1"]
[WhiteElo "1656"]
[BlackElo "1736"]
[PlyCount "140"]
[EventDate "2015.04.10"]
[EventType "swiss"]
[EventRounds "8"]
[EventCountry "ESP"]
[SourceTitle "CBM 166 Extra"]
[Source "ChessBase"]
[SourceDate "2015.06.18"]
[SourceVersion "1"]
[SourceVersionDate "2015.06.18"]
[SourceQuality "1"]

1. e4 d5 2. Nc3 d4 3. Nce2 Nf6 4. Ng3 Nc6 5. Bb5 Bd7 6. a3 e5 7. d3 h6 8. N1e2 Qe7 9. Bxc6 Bxc6 10. Nf5 Qd8 11. 0-0 Bd7 12. c3 Bxf5 13. exf5 dxc3 14. Nxc3 Qd7 15. g4 g6 16. Ne4 Nxe4 17. dxe4 Qxd1 18. Rxd1 gxf5 19. gxf5 Bd6 20. Be3 a6 21. Rac1 0-0-0 22. Bb6 Rhg8+ 23. Kf1 Kb8 24. Ba5 b6 25. Bd2 Bc5 26. Bxh6 Rxd1+ 27. Rxd1 Kc8 28. Rd5 Rh8 29. Bg5 Bd4 30. b4 Rxh2 31. Rd8+ Kb7 32. Be3 Bb2 33. a4 Rh4 34. Rd2 Bc3 35. Rd7 f6 36. Rf7 Bxb4 37. Rxf6 Rxe4 38. Re6 Bc5 39. Bxc5 bxc5 40. f6 c4 41. f7 Rf4 42. Re7 e4 43. Ke2 Kc6 44. Ke3 Rf6 45. Rxe4 Rxf7 46. Rxc4+ Kb6 47. f3 c5 48. f4 Re7+ 49. Kf3 Rd7 50. Ke4 Kc6 51. f5 Re7+ 52. Kf4 Kd5 53. Rc3 Kd4 54. Rb3 c4 55. Rb6 c3 56. Rd6+ Kc5 57. Rd1 Kb4 58. f6 Rf7 59. Ke5 Kb3 60. Rd3 Kb2 61. Rxc3 Kxc3 62. Ke6 Rf8 63. Ke7 Rb8 64. f7 Kb4 65. f8Q Rxf8 66. Kxf8 Kxa4 67. Ke7 Kb3 68. Kd6 a5 69. Kc5 a4 70. Kb5 a3 0-1

[Event "Vall del Tenes op 3rd"]
[Site "Santa Eulalia de Roncana"]
[Date "2014.05.30"]
[Round "6"]
[White "Rodriguez Saez, Joan Pere"]
[Black "Argemi Camp, Jaume"]
[Result "0-1"]
[WhiteElo "1700"]
[BlackElo "1885"]
[PlyCount "74"]
[EventDate "2014.04.25"]
[EventType "swiss"]
[EventRounds "8"]
[EventCountry "ESP"]
[SourceTitle "CBM 160 Extra"]
[Source "ChessBase"]
[SourceDate "2014.07.01"]
[SourceVersion "1"]
[SourceVersionDate "2014.07.01"]
[SourceQuality "1"]

1. e4 e6 2. d4 d6 3. Nc3 g6 4. Be3 Bg7 5. Qd2 Nf6 6. Bh6 0-0 7. Bxg7 Kxg7 8. Be2 Nbd7 9. f4 c6 10. g4 Qb6 11. 0-0-0 a5 12. f5 a4 13. a3 e5 14. dxe5 dxe5 15. h4 Nc5 16. Qe3 Nb3+ 17. cxb3 Qxe3+ 18. Kb1 b6 19. Rd3 Qc5 20. g5 Ng8 21. f6+ Kh8 22. h5 h6 23. Nf3 axb3 24. Rc1 Ba6 25. Rd2 Bxe2 26. Rxe2 Qc4 27. Nxe5 Qc5 28. Nd7 Qxg5 29. Nxf8 Rxf8 30. hxg6 fxg6 31. e5 Rd8 32. Ne4 Qg4 33. Ree1 Qf4 34. Rxc6 Rd1+ 35. Rxd1 Qxe4+ 36. Ka1 Qxc6 37. Rd6 Qh1+ 0-1

[Event "Llinars del Valles op 5th"]
[Site "Llinars del Valles"]
[Date "2013.11.29"]
[Round "8"]
[White "Rodriguez Saez, Joan Pere"]
[Black "Salinas Duffo, Gaspar"]
[Result "0-1"]
[WhiteElo "1700"]
[BlackElo "1700"]
[PlyCount "24"]
[EventDate "2013.10.04"]
[EventType "swiss"]
[EventRounds "8"]
[EventCountry "ESP"]
[SourceTitle "CBM 157 Extra"]
[Source "ChessBase"]
[SourceDate "2013.12.19"]
[SourceVersion "1"]
[SourceVersionDate "2013.12.19"]
[SourceQuality "1"]

1. e4 e5 2. d4 exd4 3. Qxd4 d6 4. Nc3 Nc6 5. Qe3 Nf6 6. Bd2 Bg4 7. Be2 Nb4 8. 0-0-0 g6 9. Bxg4 Nxg4 10. Qg3 Qd7 11. f3 Ne5 12. Qf2 Ned3+ 0-1

[Event "Llinars del Valles op 5th"]
[Site "Llinars del Valles"]
[Date "2013.11.15"]
[Round "6"]
[White "Cobos Navarro, Jorge"]
[Black "Rodriguez Saez, Joan Pere"]
[Result "1-0"]
[WhiteElo "1837"]
[BlackElo "1700"]
[PlyCount "127"]
[EventDate "2013.10.04"]
[EventType "swiss"]
[EventRounds "8"]
[EventCountry "ESP"]
[SourceTitle "CBM 157 Extra"]
[Source "ChessBase"]
[SourceDate "2013.12.19"]
[SourceVersion "1"]
[SourceVersionDate "2013.12.19"]
[SourceQuality "1"]

1. e4 d5 2. exd5 Qxd5 3. Nc3 Qa5 4. Bc4 Nf6 5. d3 c6 6. Bd2 Qc7 7. h3 Bf5 8. Nf3 e6 9. Qe2 Bc5 10. Bb3 0-0 11. 0-0-0 Nbd7 12. Na4 Rfe8 13. Be3 Bxe3+ 14. fxe3 e5 15. Ng5 Bg6 16. e4 b5 17. Nc3 Nc5 18. Qf2 Nxb3+ 19. cxb3 a5 20. Qc5 Reb8 21. Rhf1 h6 22. Nf3 b4 23. Na4 Nd7 24. Qc4 Nb6 25. Nxb6 Rxb6 26. Nh4 Bh7 27. Nf5 Kh8 28. Ne3 Bg6 29. Nd5 Qd8 30. Nxb6 Qxb6 31. Kb1 f6 32. Rc1 Rc8 33. Qe6 Qa6 34. Qc4 Qxc4 35. Rxc4 c5 36. Rfc1 Bh5 37. g4 Bf7 38. Rxc5 Rxc5 39. Rxc5 g6 40. Rxa5 h5 41. Ra6 hxg4 42. hxg4 Kg7 43. Ra7 Kf8 44. Ra6 Ke7 45. Ra7+ Kf8 46. Rxf7+ Kxf7 47. a3 Ke6 48. axb4 f5 49. exf5+ gxf5 50. gxf5+ Kxf5 51. Kc2 Ke6 52. Kc3 Kd5 53. b5 Kc5 54. b6 Kxb6 55. Kc4 Kc6 56. b4 Kd6 57. b5 Kc7 58. Kd5 Kb6 59. Kxe5 Kxb5 60. d4 Kc6 61. Ke6 Kc7 62. d5 Kd8 63. Kd6 Ke8 64. Kc7 1-0

[Event "Llinars del Valles op 5th"]
[Site "Llinars del Valles"]
[Date "2013.11.08"]
[Round "5"]
[White "Rodriguez Saez, Joan Pere"]
[Black "Lobo Bruguera, Xavier"]
[Result "0-1"]
[WhiteElo "1700"]
[BlackElo "1714"]
[PlyCount "48"]
[EventDate "2013.10.04"]
[EventType "swiss"]
[EventRounds "8"]
[EventCountry "ESP"]
[SourceTitle "CBM 157 Extra"]
[Source "ChessBase"]
[SourceDate "2013.12.19"]
[SourceVersion "1"]
[SourceVersionDate "2013.12.19"]
[SourceQuality "1"]

1. e4 e6 2. d4 d5 3. exd5 exd5 4. Nf3 Nf6 5. Bg5 Nbd7 6. Nc3 c6 7. Bd3 Be7 8. 0-0 0-0 9. Re1 Re8 10. Qd2 Bb4 11. a3 Bd6 12. Rxe8+ Qxe8 13. Re1 Qf8 14. Ne5 c5 15. Nxd7 Nxd7 16. dxc5 Nxc5 17. Nxd5 Nxd3 18. Qxd3 Be6 19. Bd2 Rd8 20. Bc3 Bxd5 21. Qxd5 Bxh2+ 22. Kxh2 Rxd5 23. Bb4 Qb8+ 24. g3 h6 0-1

[Event "Llinars del Valles op 5th"]
[Site "Llinars del Valles"]
[Date "2013.10.11"]
[Round "2"]
[White "Suau Fa, Joan"]
[Black "Rodriguez Saez, Joan Pere"]
[Result "0-1"]
[WhiteElo "1852"]
[BlackElo "1700"]
[PlyCount "57"]
[EventDate "2013.10.04"]
[EventType "swiss"]
[EventRounds "8"]
[EventCountry "ESP"]
[SourceTitle "CBM 157 Extra"]
[Source "ChessBase"]
[SourceDate "2013.12.19"]
[SourceVersion "1"]
[SourceVersionDate "2013.12.19"]
[SourceQuality "1"]

1. c4 e5 2. Nc3 Nf6 3. Nf3 Nc6 4. d4 exd4 5. Nxd4 Nxd4 6. Qxd4 Bb4 7. Bg5 Be7 8. e4 0-0 9. Bd3 d6 10. f4 Ng4 11. Bxe7 Qxe7 12. g3 Qf6 13. Qg1 Bd7 14. h3 Nh6 15. Qf2 Qe7 16. 0-0-0 Kh8 17. g4 f6 18. Qh4 Rg8 19. Nd5 Qd8 20. Rdg1 Nf7 21. e5 f5 22. Qg3 dxe5 23. fxe5 Be6 24. gxf5 Bxd5 25. cxd5 Qxd5 26. Qe3 Qxe5 27. Qd2 Rad8 28. Qc2 Qe3+ 29. Kb1 0-1

[Event "Vall del Tenes op 2nd"]
[Site "Vall del Tenes"]
[Date "2013.05.10"]
[Round "5"]
[White "Castells Garriga, Pedro"]
[Black "Rodriguez Saez, Joan Pere"]
[Result "1-0"]
[WhiteElo "1697"]
[BlackElo "1728"]
[PlyCount "65"]
[EventDate "2013.04.05"]
[EventType "swiss"]
[EventRounds "8"]
[EventCountry "ESP"]
[SourceTitle "EXT 2014"]
[Source "ChessBase"]
[SourceDate "2013.11.20"]
[SourceVersion "1"]
[SourceVersionDate "2013.11.20"]
[SourceQuality "1"]

1. d4 d5 2. c4 e6 3. Nf3 Nf6 4. cxd5 exd5 5. e3 Bf5 6. Nc3 Bd6 7. Be2 0-0 8. 0-0 Nc6 9. Qb3 Bb4 10. a3 Bxc3 11. bxc3 Rb8 12. c4 Ne7 13. cxd5 Nexd5 14. Bb2 Ne4 15. Qd1 Qd6 16. Bd3 Ndf6 17. Qc2 Rbc8 18. Ne5 Ng4 19. Bxe4 Bxe4 20. Qxe4 Nf6 21. Qd3 Rcd8 22. Nf3 Qb6 23. Rab1 Rfe8 24. Bc3 Qd6 25. Bb4 Qe6 26. Rfc1 c6 27. Qc4 Qd7 28. Ne5 Qc7 29. Ba5 Qxa5 30. Qxf7+ Kh8 31. Rxb7 Rg8 32. Qe7 Rde8 33. Nf7# 1-0